| 000 | 00548nam a2200157Ia 4500 | ||
|---|---|---|---|
| 008 | 210716s2007 xx 000 0 und d | ||
| 020 | _a9780195691658 | ||
| 041 | _aeng | ||
| 082 | _a174.4 CRAA | ||
| 100 | _aCrane, Andrew;Matten, Dirk. | ||
| 245 |
_aBusiness ethics: managing corporate citizenship and sustainability in the age of globalization. _bManaging corporate citizenship and sustainability in the age of globalization |
||
| 250 | _a2 | ||
| 260 |
_aDelhi _bOxford University Press _c2007 |
||
| 300 | _avi,566 | ||
| 650 | _aBusiness Ethics | ||
| 999 |
_c202568 _d202568 |
||